000 00822nam a22002057a 4500
003 OSt
005 20250829061051.0
008 250829b |||||||| |||| 00| 0 eng d
020 _a978-971-27-1990-5
040 _aDWC-Main Lib
_cOC
082 _aFil. 070.44 D232 2007
110 _aForeign Correspondents Association of the Philippines
245 _aDateline Manila :
_bforeign correspondents association of the Philippines ( FOCAP)/
_cForeign Correspondents Association of the Philippines
260 _aPasig City, Philippines :
_bAnvil Publishing Inc.,
_cc2007.
300 _axx, 285 pages :
_billustrations ;
_c23cm.
504 _aIncludes bibliographical references and index.
650 _a1. Foreign Corporation association of the Philippines.
650 _a2. Philippines.
942 _2ddc
_cBK - FIL
_n0
_kFil.
999 _c4340
_d4340